<?xml version="1.0" encoding="UTF-8"?>
<record
    xmlns:xsi="http://www.w3.org/2001/XMLSchema-instance"
    xsi:schemaLocation="http://www.loc.gov/MARC21/slim http://www.loc.gov/standards/marcxml/schema/MARC21slim.xsd"
    xmlns="http://www.loc.gov/MARC21/slim">

  <leader>01302nam a2200325 i 4500</leader>
  <controlfield tag="001">57239</controlfield>
  <controlfield tag="003">CO-BoRNBP</controlfield>
  <controlfield tag="005">20250605155353.0</controlfield>
  <controlfield tag="007">ta</controlfield>
  <controlfield tag="008">210917t20122021sp ab sbr     s    bspa d</controlfield>
  <datafield tag="020" ind1=" " ind2=" ">
    <subfield code="a">9788434237858</subfield>
  </datafield>
  <datafield tag="040" ind1=" " ind2=" ">
    <subfield code="a">CO-BoRNBP</subfield>
    <subfield code="b">spa</subfield>
    <subfield code="e">rda</subfield>
    <subfield code="c">CO-BoRNBP</subfield>
  </datafield>
  <datafield tag="082" ind1="0" ind2="4">
    <subfield code="a">923.1</subfield>
    <subfield code="b">T87c</subfield>
    <subfield code="2">23</subfield>
  </datafield>
  <datafield tag="100" ind1="1" ind2=" ">
    <subfield code="a">Castellano Sol&#xE9;, N&#xFA;ria</subfield>
    <subfield code="e">autor</subfield>
    <subfield code="9">60051</subfield>
  </datafield>
  <datafield tag="245" ind1="1" ind2="0">
    <subfield code="a">Me llamo...Tutankam&#xF3;n</subfield>
    <subfield code="c">textos N&#xFA;ria Castellano ; ilustraciones Sebasti&#xE0; Serra</subfield>
  </datafield>
  <datafield tag="250" ind1=" " ind2=" ">
    <subfield code="a">Primera edici&#xF3;n, Segunda edici&#xF3;n, Quinta edici&#xF3;n, Sexta edici&#xF3;n</subfield>
  </datafield>
  <datafield tag="264" ind1=" " ind2="4">
    <subfield code="a">Barcelona</subfield>
    <subfield code="b">Parram&#xF3;n Paidotribo</subfield>
    <subfield code="c">2012</subfield>
    <subfield code="c">c2020</subfield>
    <subfield code="c">c2021</subfield>
  </datafield>
  <datafield tag="300" ind1=" " ind2=" ">
    <subfield code="a">64 p&#xE1;ginas</subfield>
    <subfield code="b">ilustraciones, mapas</subfield>
    <subfield code="c">21 cm</subfield>
  </datafield>
  <datafield tag="336" ind1=" " ind2=" ">
    <subfield code="a">texto</subfield>
    <subfield code="b">txt</subfield>
    <subfield code="2">rdacontent</subfield>
  </datafield>
  <datafield tag="337" ind1=" " ind2=" ">
    <subfield code="a">sin mediaci&#xF3;n</subfield>
    <subfield code="b">n</subfield>
    <subfield code="2">rdamedia</subfield>
  </datafield>
  <datafield tag="338" ind1=" " ind2=" ">
    <subfield code="a">volumen</subfield>
    <subfield code="b">nc</subfield>
    <subfield code="2">rdacarrier</subfield>
  </datafield>
  <datafield tag="490" ind1="0" ind2=" ">
    <subfield code="a">Me llamo...</subfield>
  </datafield>
  <datafield tag="500" ind1=" " ind2=" ">
    <subfield code="a">Incluye cronolog&#xED;a de la historia, ciencia y artes en el mundo durante el per&#xED;odo comprendido entre 1340 a.C. y 2011 d.C.</subfield>
  </datafield>
  <datafield tag="521" ind1=" " ind2=" ">
    <subfield code="a">Recomendado para un p&#xFA;blico infantil mayor de 9 a&#xF1;os</subfield>
  </datafield>
  <datafield tag="600" ind1="1" ind2="4">
    <subfield code="a">Tutankam&#xF3;n</subfield>
    <subfield code="d">1354-1346? a. de J.C.</subfield>
    <subfield code="q">Rey de Egipto</subfield>
    <subfield code="v">Biograf&#xED;as</subfield>
    <subfield code="9">60052</subfield>
  </datafield>
  <datafield tag="650" ind1="0" ind2="0">
    <subfield code="a">Faraones</subfield>
    <subfield code="v">Biograf&#xED;as</subfield>
    <subfield code="2">LEMB</subfield>
    <subfield code="9">60053</subfield>
  </datafield>
  <datafield tag="651" ind1=" " ind2="4">
    <subfield code="a">Egipto</subfield>
    <subfield code="x">Historia</subfield>
    <subfield code="v">Biograf&#xED;as</subfield>
    <subfield code="y">ARMARC</subfield>
    <subfield code="9">60054</subfield>
  </datafield>
  <datafield tag="700" ind1="1" ind2=" ">
    <subfield code="a">Serra, Sebasti&#xE1;n</subfield>
    <subfield code="e">ilustrador</subfield>
    <subfield code="9">60055</subfield>
  </datafield>
  <datafield tag="942" ind1=" " ind2=" ">
    <subfield code="2">ddc</subfield>
    <subfield code="c">BKINF</subfield>
  </datafield>
  <datafield tag="999" ind1=" " ind2=" ">
    <subfield code="c">57239</subfield>
    <subfield code="d">57239</subfield>
  </datafield>
  <datafield tag="952" ind1=" " ind2=" ">
    <subfield code="0">0</subfield>
    <subfield code="1">0</subfield>
    <subfield code="2">ddc</subfield>
    <subfield code="4">0</subfield>
    <subfield code="7">0</subfield>
    <subfield code="8">GEN</subfield>
    <subfield code="a">MECASARI</subfield>
    <subfield code="b">MECASARI</subfield>
    <subfield code="c">GEN</subfield>
    <subfield code="d">2025-06-05</subfield>
    <subfield code="l">0</subfield>
    <subfield code="o">923.1 T87c</subfield>
    <subfield code="p">MDA001127</subfield>
    <subfield code="r">2025-06-05 15:54:15</subfield>
    <subfield code="t">Ej.1</subfield>
    <subfield code="w">2025-06-05</subfield>
    <subfield code="y">BKINF</subfield>
  </datafield>
</record>
